00269nam a2200109Ia 4500008004100000082001500041100001600056245002800072260004300100300000800143650000800151191201s2007 xx 000 0 und d a658.8bRAI aGOPAL, Raj  0aInternational Marketing aN.DelhibVikas Publication Housec2007 a533 aMBA